[Event "Manila zt 3.2a"]
[Site "Manila"]
[Date "2001.04.28"]
[Round "7"]
[White "Pham, Minh Hoang"]
[Black "Laylo, Darwin"]
[Result "0-1"]
[WhiteElo "2347"]
[BlackElo "2383"]
[Annotator "Atlas,V"]
[PlyCount "80"]
[EventDate "2001.04.24"]
[EventType "swiss"]
[EventRounds "9"]
[EventCountry "PHI"]
[SourceTitle "CBM 083"]
[Source "ChessBase"]
[SourceDate "2001.07.05"]
[SourceVersion "1"]
[SourceVersionDate "2001.07.05"]
[SourceQuality "1"]

1. Nf3 c5 2. c4 Nc6 3. Nc3 e5 4. g3 g6 5. Bg2 Bg7 6. h4 h6 7. d3 Nge7 8. O-O d6
9. Bd2 O-O 10. Ne1 Rb8 11. Nc2 b6 12. Rb1 Be6 13. b4 cxb4 14. Nxb4 Nxb4 15.
Rxb4 d5 16. cxd5 Nxd5 17. Nxd5 Bxd5 18. Bxd5 Qxd5 19. Qa4 Rb7 20. Rc1 Rd8 21.
Be3 Rbd7 22. Qa6 Qe6 23. Kg2 Kh7 24. Rbc4 f5 25. Rc6 Qd5+ 26. f3 e4 27. dxe4
fxe4 28. Qc4 exf3+ 29. exf3 Qf5 30. Rc2 Re8 31. Qf4 Qd5 32. Rc7 Rde7 33. Rd2
Qb5 34. Bf2 Kg8 35. Qd6 Kf7 36. Rd5 Qb2 37. h5 gxh5 38. Rf5+ Bf6 39. Rc6 $4 ({
A fatal mistake! Correct was} 39. Rc2 $1 {, and White preserves excellent
attacking prospects.}) {[%tqu "En","It appears that the Black king is in real
trouble, as all white major pieces are targeting its key defender. Never mind
- it is your move and you can strike first. How would you continue here?",
"Your bishop is paralyzed, but you can use the energy of other black pieces.",
"Sacrifice your queen!","b2f2","Most excellent! This striking queen sacrifice
allows Black to finish the game in the most spectacular manner!",7]} 39...
Qxf2+ $3 {A terrific blow. All of sudden, White king finds himself in a mate
net.} 40. Kxf2 {[%csl Rf2][%cal Ge8e2,Ge2h2]} (40. Kh3 {does not help either:}
Qf1+ 41. Kh2 Re2#) 40... Re2+ (40... Re2+ {And White gave up in view of the
inevitable checkmate:} 41. Kg1 Re1+ 42. Kg2 R8e2+ 43. Kh3 Rh1# {Terrific final
combination!}) 0-1

[Event "RUS-chT 05th"]
[Site "Maikop"]
[Date "1998.06.12"]
[Round "10"]
[White "Loginov, Valery A"]
[Black "Arkhipov, Sergey G"]
[Result "1-0"]
[WhiteElo "2500"]
[BlackElo "2355"]
[Annotator "Baburin,A"]
[PlyCount "35"]
[EventDate "1998.06.03"]
[EventType "team-tourn"]
[EventRounds "11"]
[EventCountry "RUS"]
[SourceTitle "CBM 066"]
[Source "ChessBase"]
[SourceDate "1998.09.30"]
[SourceVersion "1"]
[SourceVersionDate "1998.09.30"]
[SourceQuality "1"]
[WhiteTeam "Sankt Petersburg"]
[BlackTeam "Novokuznetsk"]
[WhiteTeamCountry "RUS"]
[BlackTeamCountry "RUS"]

1. Nf3 c5 2. g3 Nc6 3. c4 g6 4. Bg2 Bg7 5. Nc3 Nh6 6. h4 Nf5 7. h5 {Here the
h-pawn creates tension on the kingside. Before White castles kingside, Black
must think twice about 0-0. Also, at some point the h-pawn might step forward,
attacking the g7-bishop.} e6 ({The following game shows the possibilities
which the h5-pawn brings to its possessor here:} 7... d6 8. d3 Bd7 9. h6 $5 Bf8
10. a3 e6 11. b4 Be7 $6 12. b5 Na5 13. g4 Nd4 14. Nd2 $1 e5 15. e3 Ne6 16. Nd5
$16 a6 17. a4 O-O 18. Bb2 Bg5 19. Ne4 Bc8 20. Nxg5 Nxg5 21. f4 $18 Be6 22. fxg5
Qxg5 23. Qe2 Kh8 24. Qf2 f6 25. Nc7 Bxg4 26. Nxa8 Rxa8 27. Bc3 Nb3 28. Bxb7 Ra7
29. bxa6 Nxa1 30. Bxa1 f5 31. Kd2 Qd8 32. Bc3 Kg8 33. Rb1 Qg5 34. Bd5+ {
1-0 Vaulin-Szalanczy, Kecskemet 1993.}) 8. d3 d6 9. Bd2 a6 10. a3 Bd7 11. Rb1
Rb8 12. Ne4 {This is unfortunate, but otherwise Black has problems dealing
with the threat of h5-h6.} gxh5 13. Rxh5 Qe7 14. b4 $1 b6 15. bxc5 bxc5 16.
Rxb8+ Nxb8 17. g4 $18 Nd4 18. Nxd4 {After 18...Bxd4 Black cannot lose in view
of 19 Bf4, while 18...cxd4 is hopeless because of 19 Bb4.} 1-0

[Event "USA-ch"]
[Site "Greenville"]
[Date "1983.??.??"]
[Round "9"]
[White "Lein, Anatoly"]
[Black "De Firmian, Nick E"]
[Result "1/2-1/2"]
[WhiteElo "2490"]
[BlackElo "2475"]
[Annotator "Belov,I"]
[PlyCount "114"]
[EventDate "1983.07.??"]
[EventType "tourn"]
[EventRounds "13"]
[EventCountry "USA"]
[EventCategory "10"]
[SourceTitle "MCL"]
[Source "ChessBase"]
[SourceDate "1999.07.01"]
[SourceVersion "1"]
[SourceVersionDate "1999.07.01"]
[SourceQuality "1"]

1. g3 c5 2. Bg2 Nc6 3. Nf3 g6 4. c4 Bg7 5. O-O e5 6. Nc3 Nge7 7. Ne1 d6 8. Nc2
Be6 9. Ne3 Rb8 $5 (9... O-O 10. Ned5 Qd7 11. d3 Bh3 $10) 10. d3 a6 $1 11. Ned5
O-O 12. Rb1 b5 13. b3 b4 14. Nxe7+ Nxe7 15. Nd5 Nxd5 16. cxd5 Bd7 $15 17. e4 f5
18. exf5 (18. f3 h5 {/\19...f4-/+/}) 18... Bxf5 (18... gxf5 19. f4 $13) 19. h3
(19. f4 exf4 20. Bxf4 Qd7 $15) 19... Qa5 (19... a5 $5) (19... Rb7 $5) 20. g4 $6
Bd7 21. Qe2 Qd8 22. Be4 Qh4 23. Qe3 $1 (23. Kg2 Bh6 $17) 23... h5 $5 24. Qg3 $5
Qxg3+ 25. fxg3 Rxf1+ 26. Kxf1 hxg4 27. hxg4 Bxg4 28. Be3 (28. Bxg6 Rf8+ 29. Kg1
Bf3 30. Be4 Bxe4 31. dxe4 Rf3 32. Kg2 Rc3 $17) 28... Bf5 29. Ke2 Rf8 $6 (29...
a5 $142) 30. a3 $1 Rb8 31. Ra1 Bf8 32. Kf3 Kg7 33. a4 $44 Be7 34. g4 Bxe4+ 35.
dxe4 Rh8 36. Kg3 Bh4+ 37. Kg2 Be7 38. Kg3 Rh7 39. Rc1 Rh8 40. Kg2 Rh7 41. Kg3
Kf7 42. Kg2 $10 Ke8 43. Bd2 Kd7 44. Kg3 Rh8 45. Kg2 Rh4 46. Kg3 Rh7 47. Kg2 Rh4
48. Kg3 Rh8 49. Kg2 Rc8 50. Kg3 Rb8 51. Kf3 Kc7 52. Rh1 Rf8+ 53. Ke2 Rf7 54.
Rh8 Kb6 55. Rb8+ Kc7 56. Rh8 Kb6 57. Rb8+ Kc7 1/2-1/2

[Event "Vilnius zt"]
[Site "Vilnius"]
[Date "1993.??.??"]
[Round "?"]
[White "Sokolovs, Andrei"]
[Black "Malisauskas, Vidmantas"]
[Result "1/2-1/2"]
[WhiteElo "2480"]
[BlackElo "2570"]
[Annotator "Belov,I"]
[PlyCount "130"]
[EventDate "1993.03.??"]
[EventType "tourn"]
[EventRounds "13"]
[EventCountry "LTU"]
[EventCategory "8"]
[SourceTitle "CBM 035"]
[Source "ChessBase"]
[SourceDate "1993.08.01"]
[SourceVersion "1"]
[SourceVersionDate "1993.08.01"]
[SourceQuality "1"]

1. c4 g6 2. Nc3 c5 3. Nf3 Bg7 4. g3 (4. d4 cxd4 5. Nxd4 Nc6 6. Nc2 Bxc3+ $1 $13
) 4... Nc6 5. Bg2 e5 6. O-O Nge7 7. Ne1 d6 (7... O-O 8. Nc2 a6 9. Rb1 b5 $5 10.
cxb5 axb5 11. b4 c4 12. d3 d5 13. dxc4 dxc4 14. a4 Bf5 15. e4 Be6 $13 {
Ovseevich-Moskalenko/Nikovaev zt/1993/}) 8. Nc2 Be6 (8... O-O 9. Ne3 Be6 10. d3
(10. a3 a6 (10... Qd7 11. Rb1 Bh3 12. b4 Bxg2 13. Kxg2 b6 14. d3 f5 $10 {
Pigusov-Belov/Katowice/1991/}) 11. b4 cxb4 12. axb4 b5 13. cxb5 axb5 14. Rxa8
Qxa8 15. Nxb5 Qb8 16. Qa4 d5 $10 {Ftacnik-Van der Sterren/Amsterdam/1977/})
10... Qd7 11. a3 Bh3 12. Rb1 Bxg2 13. Kxg2 f5 14. Ned5 Rab8 15. b4 cxb4 16.
axb4 b5 $1 {0,5/Wojtkiewicz-Wilder/Chicago/1989/}) 9. Ne3 (9. d3 d5 10. b3 O-O
11. Rb1 $6 Rc8 12. e4 dxe4 13. dxe4 Nd4 14. Ne3 Qd7 15. Ned5 f5 $15 {
Korchnoi-Huebner/Merano m/1980/}) 9... a6 $5 10. Ned5 (10. a3 Rb8 (10... O-O
11. b4 $1) 11. Rb1 b5 12. cxb5 axb5 13. b4 cxb4 14. axb4 O-O $10) 10... Rb8 11.
d3 O-O (11... b5 $6 12. Bg5 $1) 12. a4 h6 13. Rb1 a5 $10 14. f4 f5 15. Kh1 Kh7
16. Be3 b6 17. Qd2 Nb4 18. Bg1 Nexd5 19. cxd5 $1 (19. Nxd5 Nxd5 20. cxd5 Bd7
21. b3 b5 $15) 19... Bd7 20. e4 Qc7 $6 (20... Qe7 21. Rbe1 Rbe8 $10) 21. b3
Rbe8 22. Nd1 $5 b5 (22... Bc8 23. Ne3 Ba6 24. Nc4 Bxc4 $10) 23. Ne3 bxa4 $6 (
23... fxe4 $142 24. dxe4 exf4 (24... bxa4 25. f5 g5 26. Ng4 $36) 25. gxf4 bxa4
$13) 24. fxe5 $1 Bxe5 (24... dxe5 25. bxa4 Bxa4 26. Nc4 Bb5 27. Rfc1 $16) 25.
exf5 gxf5 26. bxa4 $14 Bd4 27. Rf4 $1 Qd8 28. Rbf1 Qe7 29. Nc4 Bxg1 30. Kxg1
Bxa4 31. Nxa5 Qe3+ (31... Bd7 32. Nc4 {/\ 33.Bh3+/-}) 32. Qxe3 Rxe3 33. Nc4
Rxd3 34. Nxd6 $16 Rd1 (34... Bb3 35. Be4 $1 $16) 35. Rxd1 Bxd1 36. Nxf5 $1 (36.
Rxf5 Rxf5 37. Nxf5 c4 38. Ne3 Bb3 $132) 36... Bc2 37. Ne3 Rxf4 38. gxf4 Kg7 39.
Kf2 Bb3 40. Be4 c4 41. Nf5+ Kf6 42. Nd4 Ba4 43. Ne2 Bc2 $1 44. Ke3 (44. Kf3 Bd1
$1) 44... Bd3 $1 45. Nc3 Nc2+ 46. Kd2 Nb4 47. Ke3 (47. Bxd3 Nxd3 48. Ke3 Kf5
$10) 47... Nc2+ 48. Kf3 Nd4+ 49. Kg4 h5+ $5 50. Kg3 $6 (50. Kxh5 Bxe4 51. Nxe4+
Kf5 52. Nc3 Kxf4 53. Kg6 $16) 50... Ne2+ $1 51. Nxe2 Bxe4 52. Nc3 Bh1 $10 53.
Kf2 Kf5 54. Ke3 h4 $1 55. d6 Ke6 56. Nb5 Bc6 57. Nd4+ Kxd6 58. Nxc6 Kxc6 59.
Kd4 Kb5 60. h3 (60. Kc3 Kc5 $10) 60... Kb4 61. f5 c3 62. f6 c2 63. f7 c1=Q 64.
f8=Q+ Kb3 65. Qb8+ Ka2 1/2-1/2

[Event "EU-ch (Women) 17th"]
[Site "Mamaia"]
[Date "2016.06.04"]
[Round "8"]
[White "Peptan, Corina Isabela"]
[Black "Paehtz, Elisabeth"]
[Result "0-1"]
[WhiteElo "2402"]
[BlackElo "2489"]
[Annotator "Besenthal,K"]
[PlyCount "98"]
[EventDate "2016.05.27"]
[EventType "swiss"]
[EventRounds "11"]
[EventCountry "ROU"]
[SourceTitle "CBM 172 Extra"]
[Source "ChessBase"]
[SourceDate "2016.06.21"]
[SourceVersion "1"]
[SourceVersionDate "2016.06.21"]
[SourceQuality "1"]
[WhiteClock "0:04:16"]
[BlackClock "0:11:01"]

1. c4 c5 2. Nf3 Nc6 3. Nc3 e5 4. g3 g6 5. Bg2 Bg7 6. O-O Nge7 {Diagramm [#]} 7.
Ne1 (7. d3 {wäre der "Normalzug" gewesen, aber die Überführung des
Springers nach d5 ist auch ein guter Plan.}) 7... d6 8. Nc2 Be6 9. Ne3 O-O 10.
Ned5 Qd7 11. d3 Rab8 12. Rb1 Bh3 13. Ne4 Nxd5 14. Bxh3 Qxh3 15. cxd5 Nb4 16.
Qb3 Qd7 17. a3 Na6 18. f4 f5 19. Ng5 Nc7 20. e4 b5 21. fxe5 Bxe5 22. Nf3 $6 {
So ein Rückzug ohne Not ist wohl nicht die allerbeste Idee.} (22. Bd2) 22...
Bg7 23. Bf4 Rbe8 24. Rbe1 fxe4 25. dxe4 c4 $6 {Erst Sa6 und dann c5-c4 war
besser, wie man gleich sieht.} 26. Qb4 Rd8 {Diagramm [#]} 27. a4 $6 {Noch kein
Fehler, aber der Plan hinter diesem Zug ist falsch: Die Öffnung der a-Linie
nützt höchstens Schwarz, denn der weiße Turm ist eigentlich an den
schwachen Be4 gebunden.} a6 28. axb5 $6 axb5 29. Ra1 $2 (29. Qd2 $1) 29... h6
$1 30. Kg2 (30. h4 {hätte g6-g5 verhindert, aber danach wäre sogar} Rxf4 $5 {
möglich gewesen:} 31. gxf4 {Weiß hat mit massiven Schwächen zu kämpfen 
(auch wenn Schwarz auf das Qualitätsopfer verzichtet), hätte aber trotzdem
so spielen müssen.}) 30... g5 $1 31. Bd2 ({Oder} 31. Be3 Rde8 32. Nd2 $2 Nxd5)
31... Rde8 32. Rae1 Na6 33. Qa5 Nc5 {Diagramm [#] Weiß ist komplett
gescheitert.} 34. Bc1 Nd3 35. Qd2 (35. Re2 g4 36. Nh4 Rxf1 37. Kxf1 Nxc1) 35...
Nxe1+ 36. Qxe1 Qg4 37. Nd2 Rxf1 38. Qxf1 Rf8 39. Qe1 c3 40. bxc3 Bxc3 41. Qe3
b4 42. Qd3 Qd1 43. e5 Bxe5 44. Qc4 Bc3 45. Nb3 Qf3+ 46. Kh3 Qf5+ 47. Kg2 Rc8
48. Qb5 Qe4+ 49. Kf2 Qc2+ 0-1

[Event "EU-chT (Men) 10th"]
[Site "Debrecen"]
[Date "1992.11.??"]
[Round "5.2"]
[White "Akopian, Vladimir Eduardovic"]
[Black "Van der Wiel, John"]
[Result "1/2-1/2"]
[WhiteElo "2605"]
[BlackElo "2540"]
[Annotator "Bulletin"]
[PlyCount "67"]
[EventDate "1992.11.20"]
[EventType "team-swiss"]
[EventRounds "9"]
[EventCountry "HUN"]
[SourceTitle "EU-chT"]
[Source "ChessBase"]
[SourceDate "1999.07.01"]
[SourceVersion "2"]
[SourceVersionDate "1999.07.01"]
[SourceQuality "1"]
[WhiteTeam "Armenia"]
[BlackTeam "Netherlands"]
[WhiteTeamCountry "ARM"]
[BlackTeamCountry "NED"]

1. c4 c5 2. Nc3 g6 3. g3 Bg7 4. Bg2 Nc6 5. Nf3 Nh6 6. O-O (6. d4 cxd4 7. Bxh6
Bxh6 8. Nxd4) 6... Nf5 7. Rb1 d6 8. a3 O-O (8... a5 9. b3 $14) 9. d3 (9. b4
Nfd4 10. Ne1 $5 (10. Nxd4 Bxd4 (10... cxd4 $13))) 9... Rb8 10. Bd2 b6 (10... a5
) 11. b4 Bb7 12. e3 (12. b5 Ne5 13. Nxe5 dxe5 $14 (13... Bxe5 14. e4 Nd4 15.
Bh6 $1 $36)) (12. Qa4 $5) 12... Ne5 13. Nxe5 dxe5 14. Qe2 (14. Bxb7 Rxb7 15.
bxc5 Qxd3 16. c6 Rbb8 $8 17. Nd5 (17. g4 $6 Nh4 {/\ Qd2}) 17... Qxc4 (17... e6
18. Bb4 $5 Qxd1 19. Rfxd1 exd5 20. cxd5 $44 {/\ 21. d6, 21. g4}) 18. c7 (18.
Bb4 Qxc6 $1 (18... Rbd8 19. Rc1 $1 Qxd5 20. Qxd5 Rxd5 21. e4 $44 {o^c}) 19. e4
Rfd8 {/\ e6} 20. Bxe7 Rd7 $17) 18... Qxd5 19. cxb8=Q Rxb8 $13) 14... cxb4 15.
axb4 Bxg2 16. Kxg2 Rb7 17. Rfd1 Rd7 18. Be1 Qa8+ (18... e6 19. b5 {/\ Na2}) 19.
Qf3 (19. Kg1 h5 $5) 19... Qc8 20. b5 Nd6 (20... Rfd8 $6 21. Nd5) 21. Nd5 (21.
e4 $5 e6 $1 $13 {/\ 22... f5, 22... Rfd8} (21... f5 $6 22. exf5 gxf5 23. Qc6 $1
$14)) 21... f5 22. Bb4 (22. Nb4 e6 {><e4, c4}) 22... Rf7 23. Rbc1 (23. Bxd6
Rxd6 24. Rbc1 e6 25. Nb4 Rfd7 $13) 23... e6 24. Bxd6 (24. Nc3 e4 $5 25. dxe4
Nxc4 26. exf5 gxf5 27. Rxd7 Rxd7 $1 $13 {/\ Rc7}) 24... exd5 (24... Rxd6 $13)
25. cxd5 Qd8 26. Bb4 Rxd5 27. Rc8 Qxc8 28. Qxd5 Qb7 (28... Qd7 $6 29. Qc4 $14 (
29. Qa8+ $6 Bf8 $13)) 29. Qxb7 Rxb7 30. Rc1 Rd7 31. Kf1 (31. Rc3 h5 $10 (31...
Rd5 $5 32. Rc8+ Kf7 33. Rc7+ Kg8 34. Rxa7 Rxb5 $10)) 31... Rxd3 32. Rc8+ Kf7
33. Rc7+ Kg8 (33... Kf6 34. Rxa7 Rd5 35. Rb7 Rxb5 36. Be7+ Ke6 37. Bd8 $10) 34.
Rc8+ 1/2-1/2

[Event "POL-ch 52nd"]
[Site "Warsaw"]
[Date "1995.??.??"]
[Round "10"]
[White "Kempinski, Robert"]
[Black "Oliwa, Marek"]
[Result "1-0"]
[WhiteElo "2435"]
[BlackElo "2405"]
[Annotator "Bulletin"]
[PlyCount "73"]
[EventDate "1995.02.11"]
[EventType "tourn"]
[EventRounds "17"]
[EventCountry "POL"]
[EventCategory "8"]
[SourceTitle "EXT 1999"]
[Source "ChessBase"]
[SourceDate "1998.11.16"]
[SourceVersion "1"]
[SourceVersionDate "1998.11.16"]
[SourceQuality "1"]

1. Nf3 g6 2. c4 Bg7 3. Nc3 c5 4. g3 Nc6 5. Bg2 a6 6. O-O Rb8 7. e3 $1 b5 $6 8.
cxb5 axb5 9. d4 cxd4 10. exd4 b4 11. Ne4 Nf6 12. Nxf6+ Bxf6 13. Bh6 $1 d6 14.
Rc1 Bd7 15. d5 Na7 16. Nd4 Nb5 17. Nc6 Bxc6 18. dxc6 Nc7 (18... Bxb2 $4 19. c7
Nxc7 20. Bc6+ $18) 19. Qd2 e6 20. Rc4 b3 21. axb3 Rxb3 22. Rb4 $1 Rxb4 23. Qxb4
g5 24. f4 $1 Rg8 25. Be4 Be7 26. Bxh7 Rh8 27. Qe4 d5 28. Qd3 Bc5+ 29. Kh1 d4
30. Bxg5 f6 31. Qg6+ Kf8 32. h4 Ne8 (32... fxg5 33. fxg5+ Ke7 34. Rf7+ Kd6 35.
Rd7+ $18) 33. Kh2 d3 34. Bh6+ Ke7 35. Bg7 d2 36. Bxh8 d1=Q 37. Bxf6+ (37. Bxf6+
Nxf6 38. Qg7+ Kd6 (38... Ke8 39. Bg6#) 39. Rxd1+ $18) 1-0

[Event "Zonal Randers Preliminaries B"]
[Site "Randers"]
[Date "1982.??.??"]
[Round "9"]
[White "Feustel, Bernd"]
[Black "Sigurjonsson, Gudmundur"]
[Result "1-0"]
[WhiteElo "2365"]
[BlackElo "2435"]
[Annotator "Bulletin"]
[PlyCount "75"]
[EventDate "1982.01.09"]
[EventType "tourn"]
[EventRounds "11"]
[EventCountry "DEN"]
[EventCategory "7"]
[SourceTitle "MCL"]
[Source "ChessBase"]
[SourceDate "1999.07.01"]
[SourceVersion "1"]
[SourceVersionDate "1999.07.01"]
[SourceQuality "1"]

1. Nf3 g6 2. c4 Bg7 3. g3 c5 4. Bg2 Nc6 5. O-O e5 6. Nc3 Nge7 7. Ne1 d6 8. Nc2
Be6 9. Ne3 O-O 10. d3 Rb8 11. Ned5 a6 12. a4 Nb4 13. Bd2 Nexd5 14. cxd5 Bc8 (
14... Bd7 $142 {P b5}) 15. Qb3 a5 16. Nb5 Qe7 17. e4 Bd7 18. f4 Bh6 19. Kh1 Kg7
20. Rf2 f6 21. Raf1 Bg4 22. Qc4 Bd7 23. b3 b6 24. Be3 Rbc8 25. Na3 Rb8 26. Nb5
Rbc8 27. h3 Rb8 28. Bc1 Rbc8 29. Kh2 Rb8 30. Bf3 Rbc8 31. Qc3 exf4 32. gxf4 Kg8
33. Qc4 f5 34. e5 dxe5 35. Re2 e4 36. dxe4 fxe4 37. Rxe4 Qh4 38. f5 1-0

[Event "AUT-ch playoff Hoelzl-Herzog +2-1=0"]
[Site "Lienz"]
[Date "1981.08.??"]
[Round "3"]
[White "Herzog, Adolf"]
[Black "Hoelzl, Franz"]
[Result "0-1"]
[WhiteElo "2355"]
[BlackElo "2375"]
[Annotator "Bulletin"]
[PlyCount "76"]
[EventDate "1981.08.??"]
[EventType "match"]
[EventRounds "3"]
[EventCountry "AUT"]
[SourceTitle "EXT 1998"]
[Source "ChessBase"]
[SourceDate "1997.11.17"]
[SourceVersion "1"]
[SourceVersionDate "1997.11.17"]
[SourceQuality "1"]

1. c4 c5 2. g3 g6 3. Bg2 Bg7 4. Nc3 Nc6 5. Nf3 a6 6. O-O Rb8 7. e3 b5 8. cxb5 {
Interessant war 8.d4.} axb5 9. d4 cxd4 10. exd4 b4 11. Ne4 d5 12. Nc5 e6 13.
Bf4 Ra8 14. a4 {Obwohl beide Kontrahenten angenommen hatten, die Theoriepfade
längst verlassen zu haben, folgten sie laut ECO der Partie Pfleger-Kupper,
Wien 1972. Weiß spielte dort allerdings} (14. Ne5 {und nach der weiteren Folge}
Nge7 15. Qd2 O-O 16. Rfc1 {offerierte Schwarz mit} Qb6 {genau wie ich in
dieser Partie die Qualität. Eine merkwürdige Übereinstimmung.}) 14... Nge7 $1 {
Nachträglich glaube ich, daß 14...bxa3 stärker gewisen wäre.} 15. Re1 O-O (
15... Nf5 {wäre wegen} 16. Ne5 {nicht gut gewesen, z.B.} Nfxd4 (16... Ncxd4 17.
g4) 17. Nxc6 Nxc6 18. Bxd5) 16. Ne5 Qb6 17. Ned7 $2 {Herzog glaubte völlig zu
Unrecht, daß er schlechter stünde. Nach} (17. Rc1 {wäre eher das Gegenteil der
Fall gewesen, z.B.} Nxe5 18. Bxe5 Bxe5 (18... Bh6 $2 19. Bf6 Bxc1 20. Qxc1 Nf5
21. g4 Ng7 22. Qh6 Ne8 23. Be7 {oder 23.Lxd5.}) 19. Rxe5 {und Weiß steht klar
besser. Am besten war es vielleicht, mit 17...Ta7 auf Ab- warten zu spielen
und zu versuchen, gelegentlich "e6-e5" durchzusetzen. Die schwarze Stellung
krankt jedoch an der völligen Unverwendbarkeit des Lc8.}) 17... Bxd7 18. Nxd7
Qxd4 19. Nxf8 Kxf8 20. Bc1 {Ein trauriger Rückzug, doch war ein aktiver Plan
nicht zu sehen.} Na5 21. Bh6 $2 {Es sieht auf den ersten Blick verlockend aus,
den passiven Lc1 auf diese Art anzubringen. Das schwarze Springerpaar wird
jedoch danach schnell übermächtig.} Nec6 22. Bxg7+ Kxg7 23. Qc2 {Hier - mit 23.
De2 - und an einigen weiteren Stellen konnte Weiß etwas zäher spielen. Schwarz
steht jedoch bereits auf Gewinn.} b3 24. Qe2 Qf6 25. Rac1 Nd4 26. Qd2 Nac6 27.
Re3 Rxa4 28. Rec3 Ne5 29. f4 Nc4 30. Qf2 Ra2 31. Rd3 {Auch} (31. Rb1 {
vierliert schnell:} Na3 32. Rd1 Ne2+ 33. Qxe2 Qxc3 {[#]}) 31... Nxb2 $1 {
Entscheidet sofort.} 32. Qxd4 {Andere Fortsetzungen sind ebenfalls
aussichtslos, z.B.} (32. Rd2 Nd3 {oder}) (32. Rxd4 Nd3 33. Rxd3 Rxf2) 32...
Nxd3 33. Qxd3 Qb2 34. Qf1 Qd4+ 35. Kh1 b2 36. Rb1 Ra1 37. Qe1 Rxb1 38. Qxb1 Qd2
0-1

[Event "EU-chT (Men) 10th"]
[Site "Debrecen"]
[Date "1992.11.??"]
[Round "4.4"]
[White "Dizdar, Goran"]
[Black "Cramling, Pia"]
[Result "1/2-1/2"]
[WhiteElo "2495"]
[BlackElo "2530"]
[Annotator "Bulletin"]
[PlyCount "51"]
[EventDate "1992.11.20"]
[EventType "team-swiss"]
[EventRounds "9"]
[EventCountry "HUN"]
[SourceTitle "EU-chT"]
[Source "ChessBase"]
[SourceDate "1999.07.01"]
[SourceVersion "2"]
[SourceVersionDate "1999.07.01"]
[SourceQuality "1"]
[WhiteTeam "Croatia"]
[BlackTeam "Sweden"]
[WhiteTeamCountry "CRO"]
[BlackTeamCountry "SWE"]

1. Nf3 c5 2. c4 Nc6 3. Nc3 e5 4. g3 g6 5. Bg2 Bg7 6. a3 d6 7. O-O Nge7 8. b4 e4
9. Ne1 f5 10. Bb2 Be6 11. d3 O-O 12. Rb1 exd3 (12... cxb4 13. axb4 exd3 14.
exd3 $1 Nxb4 $5 $13) 13. Nxd3 Bxc4 (13... cxb4 14. Nd5 $1 $44) 14. bxc5 dxc5
15. Nxc5 Qxd1 16. Rfxd1 Rfd8 (16... b6 $142 {Dizdar}) 17. Nxb7 (17. Rxd8+ $6
Rxd8 {/\} 18. Nxb7 $4 Rb8 19. Nc5 Bxc3 $19) 17... Rxd1+ 18. Nxd1 (18. Rxd1 $2
Rb8 19. Rd7 (19. Nd6 Rxb2 20. Nxc4 Rc2 $19) 19... Be6 $1 (19... Ba6 20. Nd5 $1)
20. Rc7 Be5 21. Rxc6 Nxc6 22. Bxc6 Bc8 $17) 18... Rb8 19. Bxg7 Kxg7 20. Nc3 (
20. Rb2 Bxe2 $1 {Dizdar} (20... Ba6 21. Nc5 Rxb2 22. Nxb2 Bxe2 23. f4 Na5 24.
Kf2 Bc4 25. Ke3 $5 $14) 21. Rxe2 Rxb7 22. Nc3 (22. Rxe7+ $4 Rxe7 23. Bxc6 Re1+
$19) 22... Rd7 $10) 20... Ba6 21. Nc5 Rxb1+ 22. Nxb1 Bxe2 23. f4 Bc4 24. Nc3
Kf7 25. Kf2 Nd4 26. a4 1/2-1/2

[Event "Olympiad-39"]
[Site "Khanty-Mansiysk"]
[Date "2010.09.29"]
[Round "8.1"]
[White "Flores, Diego"]
[Black "Carlsen, Magnus"]
[Result "0-1"]
[WhiteElo "2615"]
[BlackElo "2826"]
[Annotator "CB"]
[PlyCount "86"]
[EventDate "2010.09.21"]
[EventType "team-swiss"]
[EventRounds "11"]
[EventCountry "RUS"]
[SourceTitle "CBM 139"]
[Source "ChessBase"]
[SourceDate "2010.11.18"]
[SourceVersion "1"]
[SourceVersionDate "2010.11.18"]
[SourceQuality "1"]
[WhiteTeam "Argentina"]
[BlackTeam "Norway"]
[WhiteTeamCountry "ARG"]
[BlackTeamCountry "NOR"]

1. c4 g6 2. Nc3 c5 3. g3 Bg7 4. Bg2 Nc6 5. Nf3 d6 6. O-O Nh6 7. b3 O-O 8. Bb2
Rb8 9. e3 Nf5 10. d3 a6 11. Qe2 b5 12. Nd5 e6 13. Bxg7 Nxg7 14. Nc3 b4 15. Ne4
f5 $1 16. Ned2 e5 $1 {#In yesterday's report, it was mentioned that avoiding
Elo loss in this Olympiad was not obvious, but truthfully, if Magnus continues
his revenge warpath, he may even gain a few by the end of the event.} 17. a3
bxa3 18. Rxa3 Nb4 19. Rc1 Bb7 20. Ne1 Bxg2 21. Kxg2 Rb6 22. Nc2 Qa8+ 23. f3 $2
{A mistake that further weakens the kingside. Kg1 was safer.} Nc6 24. Rf1 Qb7
25. Kg1 Ne6 26. f4 exf4 27. gxf4 Qg7 28. Raa1 Re8 29. Ra2 Qc3 30. Ne1 Nb4 31.
Nb1 Qg7 32. Ra3 d5 33. cxd5 Nxd5 34. Ng2 {#} Nd4 $1 35. Qf2 {White loses a
pawn.} (35. Qb2 $2 {loses to} Nf3+ 36. Rxf3 Qxb2) (35. Qa2 {runs into} Nxe3)
35... Nxb3 36. Qa2 Qb7 37. Qc2 Nxe3 38. Nxe3 Rxe3 39. Nc3 Nd4 40. Qa2+ Kg7 41.
Qd5 Rxd3 42. Qe5+ Kh6 43. Qxc5 Rb2 0-1